Random wave breaking and induced currents /

Bibliographic Details
Main Author: Stive, M. J. F. (Marcel J. F.)
Corporate Author: Waterloopkundig Laboratorium (Delft, Netherlands)
Other Authors: Battjes, J. A. (Jurjen Anno), 1939-
Format: Book
Language:English
Published: Delft, Netherlands : Waterloopkundig Laboratorium, 1986.
Series:Delft Hydraulics communication ; 360.
Subjects:

MARC

Tag First Indicator Second Indicator Subfields
LEADER 00000cam a2200000Ia 4500
001 in00001782607
005 20151025131550.0
008 870305e198606 ne a tb 000 0 eng d
035 |a (OCoLC)ocm15274045 
040 |a AFM  |c AFM  |d TXA  |d UtOrBLW 
049 |a TXAM 
090 |a TC160  |b .D417 no.360 
100 1 |a Stive, M. J. F.  |q (Marcel J. F.) 
245 1 0 |a Random wave breaking and induced currents /  |c M.J.F. Stive and J.A. Battjes. 
264 1 |a Delft, Netherlands :  |b Waterloopkundig Laboratorium,  |c 1986. 
300 |a 1 unnumbered page, 14 pages, 3 unnumbered leaves :  |b illustrations ;  |c 28 cm. 
336 |a text  |b txt  |2 rdacontent 
337 |a unmediated  |b n  |2 rdamedia 
338 |a volume  |b nc  |2 rdacarrier 
490 1 |a Delft Hydraulics communication ;  |v 360 
500 |a "June 1986" 
500 |a Short review prepared for International Colloquium on Mathematical Modelling of Wave Breaking and Wave-induced Currents, Grenoble/France, April 22-23,1986. 
504 |a References: leaves [15-17]. 
650 0 |a Water waves. 
650 0 |a Ocean currents. 
700 1 |a Battjes, J. A.  |q (Jurjen Anno),  |d 1939- 
710 2 |a Waterloopkundig Laboratorium (Delft, Netherlands) 
830 0 |a Delft Hydraulics communication ;  |v 360. 
948 |a cataloged  |b cmulkey  |c 2003/11/24  |d 1:42:30 pm 
994 |a E0  |b TXA 
999 |a MARS 
999 f f |s 360dd89a-7041-33cd-acd3-27969bfde849  |i 91a89457-aad4-3a84-819d-1fe1a1b36a45  |t 0 
952 f f |p ric  |a Texas A&M University  |b Rellis Campus  |c Joint Library Facility  |d Remote Storage  |t 0  |e TC160 .D417 no.360  |h Library of Congress classification  |i unmediated -- volume  |m A14830776785 
998 f f |a TC160 .D417 no.360  |t 0  |l Remote Storage